LEADER 02505oam 2200661 450 001 9910694130503321 005 20160607075625.0 035 $a(CKB)5470000002362664 035 $a(OCoLC)82365947 035 $a(EXLCZ)995470000002362664 100 $a20070208d2005 ua 0 101 0 $aeng 135 $aurbn||||||||| 181 $ctxt$2rdacontent 182 $cc$2rdamedia 183 $acr$2rdacarrier 200 00$aField operations guide for disaster assessment and response /$fU.S. Agency for International Development, Bureau for Democracy, Conflict, and Humanitarian Assistance, Office of U.S. Foreign Disaster Assistance ; in cooperation with the USDA Forest Service, International Programs, Disaster Assistance Support Program 205 $aVersion 4.0. 210 1$a[Washington, D.C.] :$cU.S. Agency for International Development,$d2005. 210 2$a[Washington, D.C.] :$c[Distributed by the Superintendent of Documents, U.S. Government Publishing Office] 215 $a1 online resource (389 unnumbered pages) $cillustrations 300 $a"September 2005." 300 $aMobi and epub versions read "November 2005." 300 $aPrint version available for sale by the Superintendent of Documents, U.S. Government Printing Office. 311 $a0-16-092855-9 517 1 $aFOG version 4.0 606 $aDisaster relief$vHandbooks, manuals, etc 606 $aEmergency management$vHandbooks, manuals, etc 606 $aDisaster Planning$xmethods 606 $aEmergency Medical Services 606 $aDisaster relief$2fast 606 $aEmergency management$2fast 608 $aHandbook. 608 $aHandbooks and manuals.$2fast 608 $aHandbooks and manuals.$2lcgft 615 0$aDisaster relief 615 0$aEmergency management 615 12$aDisaster Planning$xmethods. 615 22$aEmergency Medical Services. 615 7$aDisaster relief. 615 7$aEmergency management. 712 02$aUnited States.$bAgency for International Development.$bOffice of U.S. Foreign Disaster Assistance, 712 02$aDisaster Assistance Support Program (U.S.), 801 0$bNLM 801 1$bNLM 801 2$bGPO 801 2$bOCLCF 801 2$bP4I 801 2$bUSU 801 2$bCNO 801 2$bOCLCQ 801 2$bOCLCO 801 2$bOCLCQ 801 2$bGPO 906 $aBOOK 912 $a9910694130503321 996 $aField operations guide for disaster assessment and response$93103600 997 $aUNINA LEADER 03271nam 2200589 a 450 001 9910969216503321 005 20251116202843.0 010 $a1-315-57577-9 010 $a1-317-15502-5 010 $a1-317-15501-7 010 $a1-281-20847-7 010 $a9786611208479 010 $a0-7546-8705-8 035 $a(CKB)1000000000405164 035 $a(EBL)438903 035 $a(OCoLC)317783552 035 $a(SSID)ssj0000134454 035 $a(PQKBManifestationID)11145776 035 $a(PQKBTitleCode)TC0000134454 035 $a(PQKBWorkID)10054042 035 $a(PQKB)10498712 035 $a(Au-PeEL)EBL438903 035 $a(CaPaEBR)ebr10209121 035 $a(CaONFJC)MIL922536 035 $a(MiAaPQ)EBC438903 035 $a(FINmELB)ELB159866 035 $a(EXLCZ)991000000000405164 100 $a20070226d2007 uy 0 101 0 $aeng 135 $aur|n|---||||| 181 $ctxt 182 $cc 183 $acr 200 00$aD.Z. Phillips' contemplative philosophy of religion $equestions and responses /$fedited by Andy F. Sanders 210 $aAldershot, England ;$aBurlington, VT $cAshgate$dc2007 215 $a1 online resource (243 p.) 300 $aDescription based upon print version of record. 311 08$a0-7546-6285-3 320 $aIncludes bibliographical references (p. [216]-222) and index. 327 $aIntroduction : questions for contemplative philosophy of religion / Andy F. Sanders -- Wittgenstein's temple : three styles of philosophical architecture / Stephen Mulhall -- Locating philosophy's cool place : a reply to Stephen Mulhall / D.Z. Phillips -- Philosophy, theology and heresy : D.Z. Phillips and the grammar of religious belief / Mario von der Ruhr -- Pictures of eternity : a reply to Mario von der Ruhr / D.Z. Phillips -- Internal realism : a joint feature by Dewi Z. Phillips and Paul Tillich? / Tage Kurten -- Philosophy and theology : too close for comfort : a reply to Tage Kurten / D.Z. Phillips -- A friend of Demea? : the meaning and importance of piety / Walter van Herck -- Philosophy, piety and petitionary prayer : reply to Walter van Herck / D.Z. Phillips -- Religions in a world of many cultures : conflict, dialogue, and philosophical contemplation / Ingolf Dalferth -- Philosophy, theology and cultural conflicts : a reply to I.U. Dalferth / D.Z. Phillips -- Philosophy of religion in a pluralistic culture / Henk Vroom -- Philosophy's radical pluralism in the house of intellect : a reply to Henk Vroom / D.Z. Phillips -- In retrospect / D.Z. Phillips. 330 $aThis collection presents a critical discussion and exploration of the late D.Z. Phillips' contemplative approach in the philosophy of religion. It offers a major contribution to the development of alternative approaches in the philosophy of religion, and presents D.Z. Phillips' last reflections on eternal life, petitionary prayer and radical pluralism. 606 $aReligion$xPhilosophy 615 0$aReligion$xPhilosophy. 676 $a210.92 701 $aSanders$b Andy F$01872980 801 0$bMiAaPQ 801 1$bMiAaPQ 801 2$bMiAaPQ 906 $aBOOK 912 $a9910969216503321 996 $aD.Z. Phillips' contemplative philosophy of religion$94482863 997 $aUNINA